Science Quiz

Random Science or Animal Quiz

Animal Collections Quiz Stats

 Plays Quiz Updated Jan 9, 2019

Support Sporcle.
Go Orange.
Score 0/20 Timer 05:00
3 Plays Today
Animal Noun % Correct
WolvesA pack of wolves
85.5%
ElephantsA parade of elephants
83.9%
SheepA flock of sheep
75.6%
Dolphins or WhalesA pod of dolphins
70.8%
GeeseA gaggle of geese
61.6%
Cubs or PuppiesA litter of puppies
55.2%
CrowsA murder of crows
50.9%
RabbitsA warren of rabbits
36%
OxenA yoke of oxen
22%
KangaroosA mob of kangaroos
20.8%
Animal Noun % Correct
OwlsA parliament of owls
15.9%
LionsA pride of lions
15.4%
ChicksA brood of chicks
13.3%
HorsesA team of horses
12.5%
GorillasA band of gorillas
11%
HyenasA cackle of hyenas
10.8%
LeopardsA leap of leopards
9.5%
EaglesA convocation of eagles
6.3%
TigersA streak of tigers
5.8%
BearsA sloth of bears
5.8%

From the Vault

Amazon Movie Reviews VII

by sheylamarie

Movies 8m
Sometimes the review is more entertaining than the movie itself.
Remove Ads.
Support Sporcle.
Get the best of Sporcle when you Go Orange. This ad-free experience offers more features, more stats, and more fun while also helping to support Sporcle. Thank you for becoming a member.

Show Comments

Extras

Top Quizzes Today


Score Distribution

Your Account Isn't Verified!

In order to create a playlist on Sporcle, you need to verify the email address you used during registration. Go to your Sporcle Settings to finish the process.

Report this User

Report this user for behavior that violates our Community Guidelines.

Details: